| 000 | 00810cab a2200229 4500 | ||
|---|---|---|---|
| 001 | WB3036-05 | ||
| 008 | 090401t1994 xxu||||| |||| 00| 0 eng d | ||
| 035 | _a(Sirsi) u58077 | ||
| 041 | _aeng | ||
| 245 | _aSafety law delay | ||
| 260 | _c1994 | ||
| 350 | _a0 | ||
| 490 |
_aNew Builder _v(229) 23 September 1994, 3(2) |
||
| 520 | _aFurther talks are to be held on the CONDAM regulations which should have been implemented 10 months ago. The delay in implementing safety legislation has led to the EC threatening to take the British Government to the European Court of Justice. | ||
| 650 | _aCONDAM REGULATIONS | ||
| 650 | _aCONSTRUCTION (DESIGN AND MANAGEMENT) REGULATIONS 1994 | ||
| 650 | _aDELAY | ||
| 650 | _aIMPLEMENTATION | ||
| 690 | _aBUILT ENVIRONMENT | ||
| 942 | _n0 | ||
| 948 | _c04/03/1997 | ||
| 999 |
_c35431 _d35431 |
||